| 000 | nam a22 7a 4500 | ||
|---|---|---|---|
| 999 |
_c329280 _d329280 |
||
| 003 | Nust | ||
| 005 | 20170502134555.0 | ||
| 008 | 170502b xxu||||| |||| 00| 0 eng d | ||
| 040 | _cdlc | ||
| 082 | _a387 FAU | ||
| 100 | _4Faulhaber, Joseph M. | ||
| 245 | _aAirport/Airline agreements practices and characteristics (Report) | ||
| 942 |
_2ddc _cBK |
||